Health & population in South Asia (Record no. 748630)

MARC details
000 -LEADER
fixed length control field 00679nam a2200241Ia 4500
003 - CONTROL NUMBER IDENTIFIER
control field OSt
005 - DATE AND TIME OF LATEST TRANSACTION
control field 20220928113230.0
008 - FIXED-LENGTH DATA ELEMENTS--GENERAL INFORMATION
fixed length control field 220927b |||||||| |||| 00| 0 eng d
037 ## - SOURCE OF ACQUISITION
Terms of availability Textual
040 ## - CATALOGING SOURCE
Original cataloging agency SDCL
Transcribing agency SDCL
Language of cataloging eng
041 ## - LANGUAGE CODE
Source of code eng
Language code of text/sound track or separate title eng
100 ## - MAIN ENTRY--PERSONAL NAME
Personal name Guha Sumit
9 (RLIN) 432063
245 #0 - TITLE STATEMENT
Title Health & population in South Asia
Remainder of title From earliest times to the present
260 ## - PUBLICATION, DISTRIBUTION, ETC.
Place of publication, distribution, etc. New Delhi
Name of publisher, distributor, etc. Permanent Black
Date of publication, distribution, etc. 2001
300 ## - PHYSICAL DESCRIPTION
Extent vi,178p
Dimensions cm.
650 ## - SUBJECT ADDED ENTRY--TOPICAL TERM
Topical term or geographic name entry element Population South Asia
9 (RLIN) 432064
942 ## - ADDED ENTRY ELEMENTS (KOHA)
Classification part Y:5.43'N, P1
Koha item type Textual
Source of classification or shelving scheme Colon Classification (CC)
Holdings
Withdrawn status Lost status Damaged status Not for loan Home library Current library Date acquired Total Checkouts Full call number Barcode Date last seen Price effective from Koha item type
        South Campus Library South Campus Library 2022-09-28   Y:5.43'N P1 SC1246268 2022-09-28 2022-09-28 Textual
Copyright @ Delhi University Library System